00466cam a22001933a 45000010008000000030009000080050017000170070008000340080040000420100006000820200015000880400025001031000020001282450046001482600042001943000021002365000006002576000009002630000663DO-SdBNP20180130145952.00000663861112 1997 xxu 000 0 spa d a  a0789903563 aBPMSUcspadBPMSUd 1 aMcDowell, Josh.10aMás que un carpintero /cJosh McDowell. aMiami, Estados Unidos:bUnilit,c1997 a128 p. :c18 cm. a 00a x